000 01340nam a2200337 a 4500
001 000114103
003 CHAP
005 20220329144427.0
008 171031s2016 mx a fsm |||||||spa d
010 _a110564
011 _a111536
040 _cCHAP
090 _aTesis
100 1 _aGallegos Castañon, Gabriel Natividad
_9133970
245 1 0 _aSincronización de estros utilizando CIDR-Synch y OvSynch, en vacas criollas con IATF en Alto del Camarón, municipio de Acapulco, Guerrero /
_h[En línea]
_cpor Gabriel Natividad Gallegos Castañon.
260 _aChapingo, Méx. :
_bEl autor,
_c2016.
500 _aPara ver el contenido del material haga clic en la liga
502 _aTesis (Ing. Agrónomo Zootecnista) -- Colegio Superior Agropecuario del Estado de Guerrero
590 _aE11695DGD
_b10
_c20171103
_lUCH01
_h1204
590 _aE8697GMM
_b05
_c20171031
_lUCH01
_h0909
590 _aE8697GMM
_b05
_c20171031
_lUCH01
_h1000
590 _aE8697GMM
_b05
_c20171103
_lUCH01
_h0922
650 1 4 _aGanado vacuno
_xReproducción.
_945510
650 1 4 _aHormonas
_xEfecto en animales domésticos.
_956236
650 1 4 _aInseminación artificial.
_958964
650 1 4 _aSincronización del celo.
_9106556
856 _aFinding aid
_uhttp://10.13.5.2/tesis/sist114103.pdf
_zTeclea aquí
901 _aBK
942 _cTESIS
942 _n0
999 _c110564
_d110564